Library of the University of Algiers 3
Ibrahim Sultan Cheibout
شعار جامعة الجزائر 3
مكتبة جامعة الجزائر 3
إبراهيم سلطان شيبوط

منهج الإدارة العليا : (رقم التسجيلة. 43084)

تفاصيل مارك
000 -LEADER
fixed length control field 01314nam a2200229Ia 4500
003 - CONTROL NUMBER IDENTIFIER
control field Ost
005 - DATE AND TIME OF LATEST TRANSACTION
control field 20260507075121.0
008 - FIXED-LENGTH DATA ELEMENTS--GENERAL INFORMATION
fixed length control field 260507s9999||||xx |||||||||||||| ||und||
020 ## - INTERNATIONAL STANDARD BOOK NUMBER
International Standard Book Number 3160337977
040 ## - CATALOGING SOURCE
Transcribing agency fsecg
041 ## - LANGUAGE CODE
Language code of text/sound track or separate title ara
082 ## - DEWEY DECIMAL CLASSIFICATION NUMBER
Classification number 658.4012
100 ## - MAIN ENTRY--PERSONAL NAME
Personal name توفيق، عبد الرحمن
Relator term مؤلف
245 #0 - TITLE STATEMENT
Title منهج الإدارة العليا :
Remainder of title الإدارة الإستراتيجية المبادئ والأدوات /
Statement of responsibility, etc. عبد الرحمن توفيق
260 ## - PUBLICATION, DISTRIBUTION, ETC.
Place of publication, distribution, etc. القاهرة:
Name of publisher, distributor, etc. مركز الخبرات المهنية للإدارة بميك,
Date of publication, distribution, etc. 2004
300 ## - PHYSICAL DESCRIPTION
Extent 101 صفحة؛
Other physical details إيضاحات ؛
Dimensions 25 سم
490 ## - SERIES STATEMENT
Series statement سلسلة التنمية الإدارية الذاتية
Volume/sequential designation 56
520 ## - SUMMARY, ETC.
Summary, etc. المصطلحات الاساسية- الإطار العام للإدارة الإستراتيجية- الأهداف- استراتيجية المنشأ- استقصاء تحليل الإستراتيجيات- استقصاء تحليل العمليات الإستراتيجية- أساليب التنبؤ وتحديدات الأوليات- معايير اختيار الإستراتيجية- التغيير الإستراتيجي ومقاومة التغيير- التخطيط
653 ## - INDEX TERM--UNCONTROLLED
Uncontrolled term الإدارة
653 ## - INDEX TERM--UNCONTROLLED
Uncontrolled term الإدارة الإستراتيجية
942 ## - ADDED ENTRY ELEMENTS (KOHA)
Koha item type كتب
المقتنيات
Withdrawn status Lost status Source of classification or shelving scheme Damaged status Not for loan Home library Current library Date acquired Serial enumeration / chronology Inventory number Total checkouts Full call number Barcode Date last seen Price effective from Koha item type
    Dewey Decimal Classification   Available مكتبة كلية العلوم الإقتصادية والعلوم التجارية وعلوم التسيير مكتبة كلية العلوم الإقتصادية والعلوم التجارية وعلوم التسيير 07/05/2026 الطابق الأرضي 6576   أ/1918ج1ن1 6576 07/05/2026 07/05/2026 كتب
    Dewey Decimal Classification   Available مكتبة كلية العلوم الإقتصادية والعلوم التجارية وعلوم التسيير مكتبة كلية العلوم الإقتصادية والعلوم التجارية وعلوم التسيير 07/05/2026 الطابق الأرضي 6577   أ/1918ج1ن2 6577 07/05/2026 07/05/2026 كتب
    Dewey Decimal Classification   Available مكتبة كلية العلوم الإقتصادية والعلوم التجارية وعلوم التسيير مكتبة كلية العلوم الإقتصادية والعلوم التجارية وعلوم التسيير 07/05/2026 الطابق الثاني 6578   أ/1918ج1ن3 6578 07/05/2026 07/05/2026 كتب

موارد الويب المفتوحة


© University of Algiers 3 All Rights Reserved
|
Implemented by LECHELAH Riad